| 000 | 00882nac a22002291u 4500 | ||
|---|---|---|---|
| 010 | _a 2005043868 | ||
| 020 | _a007297883X (alk. paper) | ||
| 082 | 0 | 0 |
_a330 _bCOL |
| 090 |
_c8936 _d8936 |
||
| 100 | _aColander, David C. | ||
| 245 | 1 | 0 |
_aEconomics / _cDavid C. Colander. |
| 250 | _a6th ed. | ||
| 260 |
_aBoston : _bMcGraw-Hill/Irwin,c2006. _cc2006. |
||
| 300 |
_a1 v. (various paging) : _bill. (chiefly col.), col. map ; _c27 cm. |
||
| 500 | _aDistributer: Dar Fathi Mohamed Taha. | ||
| 504 | _aIncludes bibliographical references and index. | ||
| 511 | _aCatalogued By: Mahitab. | ||
| 650 | 0 | _aEconomics. | |
| 856 | 4 | 2 |
_3Publisher description _uhttp://www.loc.gov/catdir/enhancements/fy0702/2005043868-d.html |
| 856 | 4 | 2 |
_3Table of contents only _uhttp://www.loc.gov/catdir/enhancements/fy0702/2005043868-t.html |
| 942 |
_cBB _k330COL |
||
| 999 |
_c8936 _d8936 |
||